|
|
|
|
| LEADER |
02994nam a22005535i 4500 |
| 001 |
978-1-137-53569-6 |
| 003 |
DE-He213 |
| 005 |
20170118142222.0 |
| 007 |
cr nn 008mamaa |
| 008 |
160126s2016 xxk| s |||| 0|eng d |
| 020 |
|
|
|a 9781137535696
|9 978-1-137-53569-6
|
| 024 |
7 |
|
|a 10.1057/9781137535696
|2 doi
|
| 040 |
|
|
|d GrThAP
|
| 050 |
|
4 |
|a HD30.2
|
| 072 |
|
7 |
|a KJQ
|2 bicssc
|
| 072 |
|
7 |
|a COM005030
|2 bisacsh
|
| 082 |
0 |
4 |
|a 658.4038
|2 23
|
| 245 |
1 |
0 |
|a Operational Research for Emergency Planning in Healthcare: Volume 1
|h [electronic resource] /
|c edited by Navonil Mustafee.
|
| 264 |
|
1 |
|a London :
|b Palgrave Macmillan UK :
|b Imprint: Palgrave Macmillan,
|c 2016.
|
| 300 |
|
|
|a XIV, 378 p.
|b online resource.
|
| 336 |
|
|
|a text
|b txt
|2 rdacontent
|
| 337 |
|
|
|a computer
|b c
|2 rdamedia
|
| 338 |
|
|
|a online resource
|b cr
|2 rdacarrier
|
| 347 |
|
|
|a text file
|b PDF
|2 rda
|
| 490 |
1 |
|
|a The OR Essentials series
|
| 520 |
|
|
|a This book presents a collection of studies that have applied analytical methods to improve preparedness, planning, and a faster response to A&E and public health emergencies like epidemic and disease outbreak. It explores the application of quantitative Operational Research techniques such as Mathematical Modelling and Optimization, Maximum Likelihood Estimation, Multiple-Criteria Decision Analysis, Discrete-event Simulation, Data Mining, and Bayesian Decision Models. These techniques have been used for better management of emergency care, including first responders, ambulance services, A&E departments, and mass immunisation centres. This volume focuses on planning at the operational level whereas volume 2 focuses mainly on planning at the strategic level. The OR Essentials series presents a unique cross-section of high quality research work fundamental to understanding contemporary issues and research across a range of Operational Research (OR) topics. It brings together some of the best research papers from the highly respected journals of the Operational Research Society, also published by Palgrave Macmillan.
|
| 650 |
|
0 |
|a Business.
|
| 650 |
|
0 |
|a Leadership.
|
| 650 |
|
0 |
|a Production management.
|
| 650 |
|
0 |
|a Operations research.
|
| 650 |
|
0 |
|a Decision making.
|
| 650 |
|
0 |
|a Management information systems.
|
| 650 |
|
0 |
|a Business mathematics.
|
| 650 |
|
0 |
|a Facility management.
|
| 650 |
1 |
4 |
|a Business and Management.
|
| 650 |
2 |
4 |
|a Business Information Systems.
|
| 650 |
2 |
4 |
|a Business Mathematics.
|
| 650 |
2 |
4 |
|a Operations Management.
|
| 650 |
2 |
4 |
|a Business Strategy/Leadership.
|
| 650 |
2 |
4 |
|a Facility Management.
|
| 650 |
2 |
4 |
|a Operation Research/Decision Theory.
|
| 700 |
1 |
|
|a Mustafee, Navonil.
|e editor.
|
| 710 |
2 |
|
|a SpringerLink (Online service)
|
| 773 |
0 |
|
|t Springer eBooks
|
| 776 |
0 |
8 |
|i Printed edition:
|z 9781349568093
|
| 830 |
|
0 |
|a The OR Essentials series
|
| 856 |
4 |
0 |
|u http://dx.doi.org/10.1057/9781137535696
|z Full Text via HEAL-Link
|
| 912 |
|
|
|a ZDB-2-BUM
|
| 950 |
|
|
|a Business and Management (Springer-41169)
|